000 00603nam a22001817a 4500
999 _c196498
_d196498
005 20230705154744.0
010 _aENG-137285
020 _a019807011-X
_c775.00
020 _a9780198070115
_c775.00
035 _aEN-120817
037 _bDBAD/PUB
082 _a301.0954
245 _aDoing Sociology in India:
_cedited by Sujata Patel
_bGenealogies, Locations, and Practices/
260 _aNew Delhi
_bOxford University Press
_c2011
270 _aYMCA Library Building, Jai Singh Road,
_bNew Delhi
_e110001
300 _axxxviii,328pg
_c22.5cm(hb)
942 _2ddc
_cEN
_mPAT
_h301.0954